Missing Word: Irish Actor Movies II Quiz Stats

 Plays Quiz Updated Nov 9, 2017

Score 0/30 Timer 03:00
1 Play Today
% Correct
New
97.3%
Impossible
94.2%
Lawrence
92.8%
Will
92.6%
Count
91.9%
Suspects
91%
Lake
90.9%
Iron
89.9%
Artificial
88.5%
Miami
87.3%
Games
85.8%
Bounty
80.4%
Dark
78.3%
Later
77.1%
Pearl
76%
% Correct
Enemy
75.7%
Begins
74.4%
Ape
73.7%
Witch
71.4%
Man
70.2%
Last
67.5%
Black
62.4%
Red
61.3%
In
59.6%
With
59.4%
Precinct
58.1%
Winter
56.3%
Little
51.6%
Steal
34.7%
Vengeance
21.1%

Today's Daily Dose

You're not logged in!

Compare scores with friends on all Sporcle quizzes.
OR
Log In

Show Comments

Extras

Top Quizzes Today


Score Distribution

Your Account Isn't Verified!

In order to create a playlist on Sporcle, you need to verify the email address you used during registration. Go to your Sporcle Settings to finish the process.

Report this User

Report this user for behavior that violates our Community Guidelines.

Details: